| 000 | 00386nam a22001457a 4500 | ||
|---|---|---|---|
| 005 | 20250725104656.0 | ||
| 008 | 250725b |||||||| |||| 00| 0 eng d | ||
| 020 | _a9780310365402 | ||
| 050 |
_aREF BS491 _b.2 EXP |
||
| 245 | _aTHE EXPOSITOR'S BIBLE COMMENTARY | ||
| 250 | _bVOL 3-12 | ||
| 260 |
_aMICHIGAN _bZONDERVAN PUBLISHING HOUSE _cc1981 |
||
| 300 | _axvi, 603p | ||
| 942 |
_2lcc _cBK _n0 |
||
| 999 |
_c7164 _d7164 |
||